The semiconductor industry and the national laboratories Part of a national strategy
Đã lưu trong:
| 格式: | 圖書 |
|---|---|
| 語言: | Undetermined |
| 出版: |
Washington
National Academy Press
1987
|
| 主題: | |
| 標簽: |
添加標簽
沒有標簽, 成為第一個標記此記錄!
|
| Thư viện lưu trữ: | Trung tâm Học liệu Trường Đại học Cần Thơ |
|---|
| LEADER | 00470nam a2200157Ia 4500 | ||
|---|---|---|---|
| 001 | CTU_87176 | ||
| 008 | 210402s9999 xx 000 0 und d | ||
| 082 | |a 338.4 | ||
| 082 | |b S471 | ||
| 245 | 4 | |a The semiconductor industry and the national laboratories | |
| 245 | 0 | |b Part of a national strategy | |
| 260 | |a Washington | ||
| 260 | |b National Academy Press | ||
| 260 | |c 1987 | ||
| 650 | |a semiconductor industry | ||
| 980 | |a Trung tâm Học liệu Trường Đại học Cần Thơ | ||